00336nam a22001217a 450000500170000000800410001708200140005811000280007224500550010026000410015530000100019665000080020620200604100955.0200604b xxu||||| |||| 00| 0 eng d a345.4 AIR aThe All India Reporter  aThe All India Reporter1964 (V-51) ALLHABAD Section aBOMBAYbThe All India Reporterc1964 a560p. aLAW